书目信息 |
| 题名: |
山东省级非物质文化遗产普及读本
|
|
| 作者: | 李国琳 , 李国琳 主编 | |
| 分册: | 下 传统舞蹈卷 | |
| 出版信息: | 济南 济南出版社 2019 |
|
| 页数: | 128页 | |
| 开本: | 24cm | |
| 丛书名: | ||
| 单 册: | ||
| 中图分类: | G127.52-49 , J722.21 , G127.52 | |
| 科图分类: | ||
| 主题词: | 非物质文化遗产--山东--普及读物 , 民间舞蹈--介绍--山东 | |
| 电子资源: | ||
| ISBN: | 978-7-5488-3516-5 | |
| 000 | 01249nam0 2200277 450 | |
| 001 | 2473709071 | |
| 005 | 20240105202925.83 | |
| 010 | @a978-7-5488-3516-5@dCNY49.00 | |
| 100 | @a20190508d2019 em y0chiy50 ea | |
| 101 | 0 | @achi |
| 102 | @aCN@b370000 | |
| 105 | @aa z 000yy | |
| 200 | 1 | @a山东省级非物质文化遗产普及读本@Ashan dong sheng ji fei wu zhi wen hua yi chan pu ji du ben@f李国琳@i传统舞蹈卷@h下 |
| 210 | @a济南@c济南出版社@d2019 | |
| 215 | @a128页@c图,照片@d24cm | |
| 304 | @a山东省文化和旅游厅组织编写 | |
| 330 | @a本书立足于非物质文化遗产的传承、延续,对山东各地传统舞蹈进行深入介绍。一方面通过图片、文字等多种形式,对山东不同地区传统舞蹈进行生动而直观的呈现,强调传统舞蹈活动的源远流长与蓬勃生机;另一方面结合现实生活,展现各地传统舞蹈的区域性特征,同时充分展示山东地区传统舞蹈的共性,以及山东非物质文化遗产在全国的重要地位,从舞蹈的角度体现文化自信。本书是其中的下册,介绍了小章竹马、羊抵头鼓舞、崔楼抬阁等35个山东省级传统舞蹈项目。 | |
| 606 | 0 | @a非物质文化遗产@y山东@j普及读物 |
| 606 | 0 | @a民间舞蹈@x介绍@y山东 |
| 690 | @aG127.52-49@v5 | |
| 690 | @aJ722.21@v5 | |
| 690 | @aG127.52@v4 | |
| 701 | 0 | @a李国琳@Ali guo lin@4主编 |
| 701 | 0 | @a李国琳@Ali guo lin |
| 801 | 0 | @aCN@b91MARC@c20190508 |
| 905 | @aZUCC@dG127.52@e6:4:2 | |
| 山东省级非物质文化遗产普及读本/李国琳.传统舞蹈卷.下.-济南:济南出版社,2019 |
| 128页:图,照片;24cm |
| ISBN 978-7-5488-3516-5:CNY49.00 |
| 本书立足于非物质文化遗产的传承、延续,对山东各地传统舞蹈进行深入介绍。一方面通过图片、文字等多种形式,对山东不同地区传统舞蹈进行生动而直观的呈现,强调传统舞蹈活动的源远流长与蓬勃生机;另一方面结合现实生活,展现各地传统舞蹈的区域性特征,同时充分展示山东地区传统舞蹈的共性,以及山东非物质文化遗产在全国的重要地位,从舞蹈的角度体现文化自信。本书是其中的下册,介绍了小章竹马、羊抵头鼓舞、崔楼抬阁等35个山东省级传统舞蹈项目。 |
| ● |
| 相关链接 |
|
|
|
正题名:山东省级非物质文化遗产普及读本
索取号:G127.52/6:4:2
 
预约/预借
| 序号 | 登录号 | 条形码 | 馆藏地/架位号 | 状态 | 备注 |
| 1 | 2001735071 | 2001735071 | 辽宁北方(第一批)/辽宁北方(第一批)/457/ [索取号:G127.52/6:4:2] | 在馆 | |
| 2 | 2001735072 | 2001735072 | 辽宁北方(第一批)/辽宁北方(第一批)/457/ [索取号:G127.52/6:4:2] | 在馆 | |
| 3 | 2001735073 | 2001735073 | 辽宁北方(第一批)/辽宁北方(第一批)/457/ [索取号:G127.52/6:4:2] | 在馆 | |
| 4 | 2001735074 | 2001735074 | 辽宁北方(第一批)/辽宁北方(第一批)/457/ [索取号:G127.52/6:4:2] | 在馆 | |
| 5 | 2001735075 | 2001735075 | 辽宁北方(第一批)/辽宁北方(第一批)/457/ [索取号:G127.52/6:4:2] | 在馆 | |
| 6 | 2001735076 | 2001735076 | 辽宁北方(第一批)/辽宁北方(第一批)/457/ [索取号:G127.52/6:4:2] | 在馆 |